LEADER 00916nam a2200205 i 4500 001 000000192298 003 CaOOAMICUS 005 20100914000000.0 008 100914s1926 it u000 u ita u 013 $a170871 040 $aSeMil$bita 100 1 $aOrsenigo, Cesare .$0(OLS)http://semarc/name/8267 245 14$aUna maestra della carità /$cversione dal tedesco con prefazione di S. E. Mons. Cesare Orsenigo Nunzio Apostolico in Ungheria. 260 $aMilano :$bS. Lega Eucaristica,$c1926. 300 $a170 p., [1] p. di ritratto ;$c20 cm. 650 4$aRosalie (Jeanne-Marie Rendu) .$0(OLS)http://semarc/subject/16601 850 $aSeMil 852 $aSeMil$W1$xVenegono$y1$m3J I 112$j142874$B142874$CSeMilBibl$Z2$F154286 $81 996 $6245$aUna maestra della carità$9(OLS)http://semarc/title/277125 996 $6260$aMilano :$bS. Lega Eucaristica$9(OLS)http://semarc/publisher/33613 LEADER 00821nam a2200205 i 4500 001 000000030976 003 CaOOAMICUS 005 20180830125449.0 008 180830s1865 it u000 u ita u 040 $aSeMil$bita 100 1 $aDandolo, Tullio,$d<1801-1870>.$0(OLS)http://semarc/name/14312 245 10$aRoma cristiana nei primi secoli /$cdel conte Tullio Dandolo. 260 $aAsisi :$bCoi tipi di Domenico Sensi,$c1865-1867. 300 $a3 v. ;$c22 cm. 650 4$aCristianesimo - Roma - Origini.$0(OLS)http://semarc/subject/4947 774 0 $tCatacombe.$g1$w()95716 774 0 $tMartiri.$g2$w()235877 774 0 $tBasiliche costantine.$g3$w()235878 996 $6245$aRoma cristiana nei primi secoli$9(OLS)http://semarc/title/42150 996 $6260$aAsisi :$bCoi tipi di Domenico Sensi$9(OLS)http://semarc/publisher/38746